| 000 | 00814nam a22002417a 4500 | ||
|---|---|---|---|
| 005 | 20160822121635.0 | ||
| 008 | 160822b2009 cc ao|||d|||| 00| 0 chi d | ||
| 040 |
_aCO-BoIAVH _cCO-BoIAVH |
||
| 041 | 1 | _aeng | |
| 044 | _acc | ||
| 082 | 0 | 4 |
_a580.73 _bS28g |
| 245 | 0 | 0 | _aSCBG 80th |
| 246 | 1 | _aSouth China Botanical Garden, CAS | |
| 260 |
_a[China?]: _bSouth China Botanical Garden, CAS, _c2009. |
||
| 300 |
_a119 páginas : _bilustraciones y fotografías a color ; _c26 x 38 cm. |
||
| 610 | 2 | 0 | _aSouth China Botanical Garden, CAS |
| 650 | 2 | 6 |
_aJardínes botánicos _zChina |
| 650 | 2 | 6 |
_aPlantas _xTaxonomía _zChina |
| 650 | 2 | 6 |
_aPlantas _xconservación ex situ _zChina |
| 650 | 2 | 6 |
_aFlora _zChina |
| 710 | 2 | _aSouth China Botanical Garden, CAS | |
| 942 |
_2ddc _cLIBRO |
||
| 999 |
_c18970 _d18970 |
||